书目信息 |
| 题名: |
世界上最伟大的推销员= The Greatest Salesman in the World
|
|
| 作者: | 奥格·曼狄诺著 ;安辽 译 | |
| 分册: | ||
| 出版信息: | 北京 世界知识出版社 2003 |
|
| 页数: | 245页 | |
| 开本: | 22cm | |
| 丛书名: | ||
| 单 册: | ||
| 中图分类: | B825.49 | |
| 科图分类: | ||
| 主题词: | 伦理学 | |
| 电子资源: | ||
| ISBN: | 978-7-5012-1955-1 | |
| 000 | 00724nam0 2200205 45 | |
| 001 | 1555468671 | |
| 005 | 20150104152612.04 | |
| 010 | @a978-7-5012-1955-1@dRMB 28.00 | |
| 100 | @a20150104d2003 km y0chiy0120 ea | |
| 101 | 0 | @achi |
| 102 | @aCN@b110000 | |
| 200 | 1 | @a世界上最伟大的推销员= The Greatest Salesman in the World@Ashi jie shang zui wei da de tui xiao yuan=The Greatest Salesman in the World@f(美) 奥格·曼狄诺著 ; 安辽译@F(mei)ao ge·man di nuo zhu;an liao yi |
| 210 | @a北京@c世界知识出版社@d2003 | |
| 215 | @a245页@d22cm | |
| 606 | 0 | @a伦理学 |
| 690 | @aB825.49@v4 | |
| 701 | 0 | @a奥格·曼狄诺著@Aao ge·man di nuo zhu |
| 702 | 0 | @a安辽@Aan liao@4译 |
| 801 | 0 | @aCN@bPFT@c20150104 |
| 905 | @a10447@dB825.49@eA760 | |
| 世界上最伟大的推销员= The Greatest Salesman in the World/(美) 奥格·曼狄诺著 ; 安辽译.-北京:世界知识出版社,2003 |
| 245页;22cm |
| ISBN 978-7-5012-1955-1:RMB 28.00 |
| ● |
| 相关链接 |
|
|
|
正题名:世界上最伟大的推销员= The Greatest Sales
索取号:B825.49/A760
 
预约/预借
| 序号 | 登录号 | 条形码 | 馆藏地/架位号 | 状态 | 备注 |
| 1 | 495500 | 204955003 | 社科库509/509社科库 32排3列1层/ [索取号:B825.49/A760] | 在馆 |